| 000 | 00370nam a2200145Ia 4500 | ||
|---|---|---|---|
| 008 | 240729s9999 xx 000 0 und d | ||
| 022 | _a2721-8856 | ||
| 245 | 0 | _aCORD | |
| 260 | _aIndonesia | ||
| 260 | _bInternational Coconut Community | ||
| 650 | _aAgriculture | ||
| 856 | _uhttps://doaj.org/toc/ea135a991e9b43cda046d74c34f104a0 | ||
| 942 | _2ddc | ||
| 942 | _cDOAJEJ | ||
| 999 |
_c70527 _d70527 |
||
| 945 |
_a1 _bMadushi Gamage _c1 _dMadushi Gamage |
||